| 000 | 01057cam a22002891a 4500 | ||
|---|---|---|---|
| 001 | he 67001312 | ||
| 003 | DLC | ||
| 005 | 20260227111448.0 | ||
| 008 | 870626s1958 nyuc 000 0 yid | ||
| 010 | _ahe 67001312 | ||
| 035 | _a(OCoLC)16082969 | ||
| 040 |
_aDLC _cCtWeharU _dOCoLC _dOCl _dDLC |
||
| 042 | _apremarc | ||
| 050 | 0 | 0 |
_aDS115.9.S47 _bA2 |
| 100 | 1 |
_aShatzky, Jacob, _d-1956. |
|
| 245 | 1 | 0 |
_aShatski-bukh : _bopshatsungen vegn Yankev Shatski un Shatski s zikhroynes, briv, referatn un eseyen / _credaktirt fun Y. Lifshits. |
| 260 |
_aNyu-York ; _aBuenos Ayres : _bYidisher Visnshaftlekher Institut-Yivo, _c1958 [719]. |
||
| 300 |
_a380 p. : _bports. ; _c24 cm. |
||
| 440 | 0 |
_aArgenṭiner Yiṿo-biblioṭeḳ ; _vno. 21. |
|
| 500 | _aRomanized record. | ||
| 500 | _aIn Yiddish. | ||
| 500 | _aAdded t.p.: Shatzky-buj: memorias, cartas y ensayos de Jacob Shatzky. | ||
| 504 | _a"Bibliografye": p. [325]-376. | ||
| 650 | 0 |
_aJews _xHistory. |
|
| 700 | 1 | _aLifschutz, E. | |
| 740 | 0 | _aShatzky-buj: memorias, cartas y ensayos de Jacob Shatzky. | |
| 999 |
_c32480 _d32480 |
||